000 00904nam a2200265 c 4500
003 BLK
005 20180420222745.0
008 180408b bul|||||r ||||||| ||bul||
010 _aKNG00062297000
040 _aBLK
041 _aRUS
_cRUS
080 _aШахмат
_b794.1
_x
_z794.1
100 1 _aКаспаров, Гарри Кимович
_eпърви автор
_9288188
139 _aКаспаров, Гарри Кимович
_bК 45
245 1 0 _aДва матча
_bМатч и матч - реванш на первенство мира
_cГарри Кимович Каспаров.
257 _aRUS
260 Москва
_bФизкультура и спорт
_c1987
300 _a256 с.
_c22 см
380 _a79
852 _aЦб 151202
856 4 _qpdf
_u
856 4 _qpdf
_u
942 _cKNG
_n0
944 _aCR
_c13.06.2004
_kЧиталня
944 _aED
_c12.11.2015
_kТеодора_Стоянова
999 _c58264
_d58264